| 000 | 00580nam a22001937a 4500 | ||
|---|---|---|---|
| 005 | 20170511154035.0 | ||
| 010 | _aENG- 118110 | ||
| 020 |
_a9788126921331 _c595.00 |
||
| 020 |
_a9788126921324 _c595.00 |
||
| 035 | _aEN-101642 | ||
| 037 | _bDBAD/PUB | ||
| 082 | _a327.54 | ||
| 100 | _aAK AGARWAL | ||
| 245 |
_aIndian industrialisation / _bTrajectory redefined / _cby AK AGARWAL |
||
| 260 |
_aChennai _bATLANTIC _c2016 |
||
| 270 | _a5, Nallathanbi Street, Wallajah Road, Chennai-600002 | ||
| 300 |
_axxi, 256p. _c23cm. (Hb) |
||
| 942 |
_2ddc _cEN _h327.54 _mAGA |
||
| 999 |
_c139734 _d139734 |
||